000 00295nam a22001337a 4500
008 170221b xxu||||| |||| 00| 0 eng d
020 _a9780323047029
041 _aeng
080 _222ND
_a615
100 _a5
101 _aSHF
245 _aNURSING GUIDE REFERENCE
_cROTH, L.S
942 _2udc
_cBK
999 _c5923
_d5923